000 00896nam a22001935i 4500
001 163515
003 ES-MaACL
005 20251012063055.0
008 020228s1864 sp |||| | spa d
040 _aCAM
_bspa
_cCAM
100 1 _aRico y Amat, Juan,
_d1821-1870
_9131803
245 1 3 _aLa belleza del alma
_b: comedia en tres actos y en verso /
_coriginal de Juan Rico y Amat.
260 _aMadrid :
_b[s.n.],
_c1864 (
_fImprenta de José Rodríguez)
300 _a63 [i.e. 90] p. ;
_c19 cm.
500 _aEn port.: Representada en el teatro del Príncipe en la noche del 5 de diciembre de 1864.
596 1 _aAl v. de port. consta : "... Galería dramática y lírica titulada El Teatro..."
852 _aES-MaACL
_jF-8565(4)
_z-- Enc. pasta española
_z-- Enc. en un vol. facticio formando parte de la col. facticia "Teatro español moderno", vol. 18
999 _c163515
_d163515